Ante la evidencia de las necesidades, que hacer con los derechos (Registro nro. 144778)

Detalles MARC
001 - NÚMERO DE CONTROL
campo de control 587600
005 - FECHA Y HORA DE LA ÚLTIMA TRANSACCIÓN
campo de control 20241021090838.0
008 - DATOS DE LONGITUD FIJA--INFORMACIÓN GENERAL
campo de control de longitud fija 000403e19991201 spa
035 ## - NÚMERO DE CONTROL DEL SISTEMA
Número de control de sistema 587600
035 ## - NÚMERO DE CONTROL DEL SISTEMA
Número de control de sistema (OCoLC)819826362
040 ## - FUENTE DE LA CATALOGACIÓN
Centro/agencia transcriptor comduadb
041 ## - CÓDIGO DE LENGUA
Código de lengua del texto/banda sonora o título independiente spa
100 10 - ENTRADA PRINCIPAL--NOMBRE DE PERSONA
Nombre de persona Paredes Hernández, Natalia
Código de función aut
Término indicativo de función/relación Autor/a
9 (RLIN) 506835
245 13 - MENCIÓN DE TÍTULO
Título Ante la evidencia de las necesidades, que hacer con los derechos
650 ## - PUNTO DE ACCESO ADICIONAL DE MATERIA--TÉRMINO DE MATERIA
Término de materia o nombre geográfico como elemento de entrada Necesidades humanas
9 (RLIN) 50794
650 ## - PUNTO DE ACCESO ADICIONAL DE MATERIA--TÉRMINO DE MATERIA
Término de materia o nombre geográfico como elemento de entrada Legitimidad
9 (RLIN) 21117
650 #7 - PUNTO DE ACCESO ADICIONAL DE MATERIA--TÉRMINO DE MATERIA
Término de materia o nombre geográfico como elemento de entrada Luchas sociales
Fuente del encabezamiento o término lemb
9 (RLIN) 584
650 #7 - PUNTO DE ACCESO ADICIONAL DE MATERIA--TÉRMINO DE MATERIA
Término de materia o nombre geográfico como elemento de entrada Derechos humanos
Subdivisión geográfica Colombia
Fuente del encabezamiento o término lemb
9 (RLIN) 187388
773 0# - ENLACE AL DOCUMENTO FUENTE/ENTRADA DE REGISTRO ANFITRIÓN
Título Controversia (Bogotá)
Parte(s) relacionada(s) No. 175, Dic. 1999, p. 149-171
Número de control del registro 103214
Número Internacional Normalizado para Publicaciones Seriadas 0120-4165
Número bibliográfico anfitrión 90956
942 ## - ELEMENTOS DE ENTRADA AGREGADA (KOHA)
Tipo de ítem Koha Artículo de Revista

No hay ítems disponibles.